000 00873nam a2200229 u 4500
001 61221
005 20180714062748.0
008 140523s2008 enka r 000 0 eng d
020 _a978-0-273-71028-8
082 0 _a658.872
_bJEL
100 1 _aJelassi, Tawfik,
_d1957-
_eautor
245 1 0 _aStrategies for e-bussines :
_bcreating value through electronic and mobile commerce : concepts and cases /
_cTawfik Jelassi, Albrecht Enders.
250 _aSecond edition
260 _aHarlow, England :
_bFT Prentice Hall,
_c2008.
300 _axxxviii, 626 páginas :
_bilustraciones ;
_c23 cm.
336 _atexto
_2rdacontent
337 _asin mediación
_2rdamedia
338 _avolumen
_2rdacarrier
650 0 _aComercio electrónico
_zEuropa
_xEstudio de casos
650 0 _aIndustria
_xInnovaciones
_xAspecto económico
700 1 _aEnders, Albrecht
_eautor
999 _c61221
_d61221